Statystyki dla Francuscy piłkarze w top 5 ligach

Kliknij tutaj aby rozwiązać quiz!

Ogólne statystyki

  • Ten quiz został rozwiązany 834 razy
  • Średni wynik to 29 z 118

Statystyki odpowiedzi

KlubZawodnik% Poprawnych
PSGKylian Mbappe
89%
Manchester UnitedPaul Pogba
78%
Tottenham HotspurHugo Lloris
75%
Real MadrytKarim Benzema
75%
Atletico MadrytAntoine Griezmann
74%
Real MadrytRaphael Varane
73%
ChelseaN'golo Kante
71%
Olympique LyonMoussa Dembele
70%
BarcelonaOusmane Dembele
70%
BarcelonaSamuel Umtiti
66%
Manchester CityBenjamin Mendy
62%
Olympique LyonFerland Mendy
62%
EvertonNampalys Mendy
61%
ChelseaOlivier Giroud
60%
Atletico MadrytLucas Hernandez
59%
Real SociedadTheo Hernandez
59%
StuttgartBenjamin Pavard
57%
Bayern MonachiumKingsley Coman
56%
BarcelonaClement Lenglet
54%
SevillaWissam Ben Yedder
53%
ArsenalAlexandre Lacazette
51%
JuventusBlaise Matuidi
51%
Manchester CityAymeric Laporte
49%
PSGAlphonse Areola
48%
RB LeipzigDayot Upamecano
47%
PSGAdrien Rabiot
45%
Bayern MonachiumCorentin Tolisso
44%
Manchester UnitedAnthony Martial
43%
Bayern MonachiumFranck Ribery
42%
PSGPresnel Kimpembe
42%
Olympique LyonNabil Fekir
40%
Olympique MarsyliaDimitri Payet
39%
Tottenham HotspurMoussa Sissoko
38%
ArsenalLaurent Koscielny
36%
Atletico MadrytThomas Lemar
35%
Olympique LyonTanguy Ndombele
34%
AC MilanTiemoue Bakayoko
34%
AS RomaSteven Nzonzi
32%
EvertonLucas Digne
31%
PSGLayvin Kurzawa
27%
RB LeipzigIbrahima Konate
26%
Eintracht FrankfurtSebastian Haller
26%
PSGChristopher Nkunku
25%
Olympique LyonHoussem Aouar
25%
ValenciaKevin Gameiro
25%
Borussia MonchengladbachAlassane Plea
24%
Real MadrytLuca Zidane
24%
Saint EtienneStephane Ruffier
24%
Borussia DortmundDan-Axel Zagadou
23%
Olympique MarsyliaFlorian Thauvin
21%
ArsenalMatteo Guendouzi
21%
WatfordAbdoulaye Doucoure
20%
Borussia MonchengladbachMamadou Doucoure
20%
RB LeipzigNordi Mukiele
20%
FiorentinaAlban Lafont
19%
EvertonKurt Zouma
19%
AS MonacoDjibril Sidibe
18%
WolverhamptonWilly Boly
17%
Borussia DortmundAbdou Diallo
16%
BarcelonaJean-Clair Todibo
16%
StrasbourgKenny Lala
15%
Stade RennaisHatem Ben Arfa
14%
OGC NiceAllan Saint-Maximin
13%
Manchester CityEliaquim Mangala
12%
Crystal PalaceMamadou Sakho
12%
West Ham UnitedSamir Nasri
12%
OSC LilleJonathan Bamba
11%
West Ham UnitedIssa Diop
10%
WolfsburgJerome Roussillon
10%
Saint EtienneMathieu Debuchy
10%
EvertonMorgan Schneiderlin
10%
WatfordEtienne Capoue
9%
ValenciaFrancis Coquelin
9%
RB LeipzigJean-Kevin Augustin
9%
OSC LilleJonathan Ikone
9%
Saint EtienneTimothee Kolodziejczak
9%
HuddersfieldAdama Diakhaby
8%
FiorentinaJordan Veretout
8%
Saint EtienneLoic Perrin
8%
ValenciaMouctar Diakhaby
8%
Olympique MarsyliaBoubakar Kamara
7%
LilleLoic Remy
7%
Olympique LyonLucas Tousart
7%
OGC NiceMalang Sarr
7%
Schalke 04Benjamin Stambouli
6%
Eintracht FrankfurtEvan N'Dicka
6%
Meinz 05Jean-Philippe Mateta
6%
ParmaJonathan Biabiany
6%
WolfsburgJosuha Guilavogui
6%
OGC NiceWylan Cyprien
6%
BrightonAnthony Knockaert
5%
SevillaMaxime Gonalons
5%
TorinoSoualiho Meite
5%
Newcastle UnitedFlorian Lejeune
4%
SevillaIbrahim Amadou
4%
SevillaJoris Gnagnon
4%
FulhamMaxime Le Marchand
4%
Borussia MonchengladbachMichael Cuisance
4%
Cagliari CalcioCyril Thereau
3%
BournemouthLys Mousset
3%
Olympique LyonMartin Terrier
3%
Olympique MarsyliaMaxime Lopez
3%
Udinese CalcioSebastien De Maio
3%
SouthamptonYan Valery
3%
Eintracht FrankfurtAlmamy Toure
2%
Rayo VallecanoGiannelli Imbula
2%
SSC NapoliKevin Malquit
2%
Meinz 05Moussa Niakhate
2%
Real SociedadRobin Le Normand
2%
Meinz 05Gaetan Bussmann
1%
AugsburgJonathan Schmid
1%
CardiffLoic Damour
1%
GetafeMathieu Flamini
1%
Chievo VeronaMehdi Leris
1%
Olympique MarsyliaMorgan Samson
1%
Chievo VeronaNicolas Frey
1%
FiorentinaVincent Laurini
1%
Cagliari CalcioMaxime Leverbe
0%

Rozkład punktacji

Percentyl według liczby udzielonych odpowiedzi

Procent ludzi z każdym wynikiem

Twoja historia wyników

Nie rozwiązałeś tego quizu